Normal view MARC view

Entry Personal Name

Number of records used in: 1

001 - CONTROL NUMBER

  • control field: 15564

003 - CONTROL NUMBER IDENTIFIER

  • control field: OSt

005 - DATE AND TIME OF LATEST TRANSACTION

  • control field: 20220119100424.0

008 - FIXED-LENGTH DATA ELEMENTS

  • fixed length control field: 220119|| aca||aabn | a|a d

040 ## - CATALOGING SOURCE

  • Original cataloging agency: OSt
  • Transcribing agency: OSt

100 ## - HEADING--PERSONAL NAME

  • Personal name: edited by J.C. van den Berg.

670 ## - SOURCE DATA FOUND

  • Source citation: Work cat.: (OSt)0: edited by J.C. van den Berg., Wavelets in physics /, 1999.